000 00322nam a2200133 4500
020 _a968-26-0649-7
050 _aTJ260 H747
082 _a536.2 H893t
100 _aHolman P.
245 _aTransferencia de calor./ P.Holman
260 _aMexico:Continental.
300 _a621p./23cm.
650 _a1.TRANSFERENCIA DE CALOR.
999 _c25761
_d25761